Học nói tiếng Anh 5 phút mỗi ngày Tập 2

Gespeichert in:
Bibliographische Detailangaben
1. Verfasser: Nguyễn, Thành Yến (Biên dịch)
Format: Buch
Veröffentlicht: T.P. Hồ Chí Minh Tổng hợp T.P. Hồ Chí Minh 2012
Schlagworte:
Tags: Tag hinzufügen
Keine Tags, Fügen Sie den ersten Tag hinzu!
Thư viện lưu trữ: Trung tâm Học liệu Lê Vũ Hùng, Trường Đại học Đồng Tháp
LEADER 01179pmm a22003978a 4500
001 00034007
005 20171026081023.0
008 160318s2012 |||||| sd
082 1 4 |a 428  |b H419N 
100 1 # |a Nguyễn, Thành Yến  |e Biên dịch 
245 1 0 |a Học nói tiếng Anh 5 phút mỗi ngày  |c Nguyễn Thành Yến (b.d)  |b Tập 2  |h nguồn liệu điện tử] 
260 # # |a T.P. Hồ Chí Minh  |b Tổng hợp T.P. Hồ Chí Minh  |c 2012 
300 # # |a 1 CD  |c 43/4 in.  |e sách 
653 # # |a Bài kiểm tra 
653 # # |a Kỹ năng nói 
653 # # |a Đĩa CD 
653 # # |a Tự học 
653 # # |a Tiếng Anh 
653 # # |a Ngôn ngữ 
653 # # |a Mỗi ngày 
852 # # |j DPT.0003480  |j DPT.0003478  |j DPT.0003479  |j DPT.0003481 
852 # # |b Kho đa phương tiện  |j DPT.0003481, DPT.0003480, DPT.0003478, DPT.0003479 
910 0 # |d 18/03/2016 
980 # # |a Trung tâm Học liệu Lê Vũ Hùng, Trường Đại học Đồng Tháp